000 01084nam a22002777a 4500
003 dpl
005 20180712125511.0
008 180712b xxu||||| |||| 00| 0 eng d
010 _aB-077860
020 _c50.00
035 _aB-077860, B-077864
037 _bCen Lib/Ret
040 _aDPL
_bHN
_c0
082 _a
_bवर्माभा
100 _aवर्मा, भावना
_965468
245 _aजुड़ते हुए /
_cभावना वर्मा
246 _aJudte huye /
_bby Bhawna Verma
260 _aझारखण्ड
_bअप्रतिम प्रकाशन
_c2002
270 _bझारखण्ड
_aक्वाटर न.-3076 सेक्टर-4 डी, बीकानो स्टील सिटी
300 _a122पृ.
_c19सेमी (सजिल्द)
650 _aहिंदी साहित्य
_965469
650 _aहिंदी उपन्यास
_965470
650 _aHindi literature
_965471
650 _aHindi fiction
_927248
942 _2ddc
_cHN
_h
_mवर्माभा
999 _c116235
_d116235